| 000 | 00525nam a2200157 a 4500 | ||
|---|---|---|---|
| 008 | 120416s0000 ||||||||||||||||| || u | ||
| 020 | _a0345098013 | ||
| 050 | _aDT 444 Sib | ||
| 100 | _aSibley, Major J. R | ||
| 245 | 1 | 0 | _aTanganyikan guerrilla |
| 246 | _aEast African campaign 1914-18 | ||
| 260 |
_aLondon _bPan/Ballantine _c1973 |
||
| 300 | _a160p. : ill. | ||
| 350 | _a0.00 | ||
| 995 |
_D0.00 _FCBU-MAIN LIBRARY (Kitwe) _H1 _I2.10 _UDAMAGED _ZMain Library Open Access Collection |
||
| 999 |
_c59368 _d59368 |
||